Statistiques concernant Capitales mondiales les plus proches de Bangkok

Cliquez ici pour prendre le quiz!

Statistiques générales

  • Ce quiz a été pris 3,932 fois
  • Le résultat moyen est 13 sur 21

Statistiques - réponses

km capitale % Correct
3296Pékin
94%
2325Jakarta
84%
2912New Delhi
83%
3722Séoul
79%
1431Singapour
75%
990Hanoï
75%
2214Manille
72%
1187Kuala Lumpur
69%
3743Pyongyang
66%
521Vientiane
64%
541Phnom Penh
63%
2543Taipei
61%
2204Katmandou
61%
3542Islamabad
57%
1532Dacca
56%
2373Colombo
43%
3140Malé
39%
3717Dili
35%
813Naypyidaw
35%
1866Bandar Seri
Begawan
31%
1893Thimphou
30%

Distribution des résultats

Percentile by Number Answered

% des personnes avec chaque résultat

Votre développement - résultats

Vous n’avez pas pris ce quiz